| 000 | 01259nas a22002057a 4500 | ||
|---|---|---|---|
| 007 | ta | ||
| 008 | 230828e20231221xxk||||os||||o00| 0 eng d | ||
| 041 | _aeng | ||
| 245 | _aOctagon Overseas Ltd and Ors v Unsdorfer and Ors | ||
| 260 |
_a[2023] FTT LON/00BG/HYI/2023/0022 _bFirst-Tier Tribunal Property Chamber (Residential Property) _c21 December 2023 |
||
| 520 | _aResidential Property Tribunal Decision of Judge Vance and Judge Nicola Rushton KC on 21 December 2023 regarding property Canary Riverside Estate Westferry Circus, London E14 seeking determinations under s.75(1) Building Safety Act 2022 (“BSA 2022”) as to who: (a) is, or are, Accountable Persons (“APs”) as defined in s.72 of that Act in respect of higher-risk buildings at the Canary Riverside Estate (“the Estate”); (b) and (b) who is the Principal Accountable Person for the Estate | ||
| 650 | _aBUILDING SAFETY ACT 2022 | ||
| 650 | _aFIRE SAFETY | ||
| 650 | _aHIGHER-RISK BUILDING | ||
| 650 | _aLANDLORD AND TENANT | ||
| 650 | _aPRINCIPAL ACCOUNTABLE PERSON | ||
| 650 | _aJUDGMENT | ||
| 651 | _aUnited Kingdom | ||
| 856 |
_uhttps://assets.publishing.service.gov.uk/media/659ff525e96df5000df844bd/20231221_Canary_Riverside_AP_Decision_Final.pdf _zAvailable from FTT |
||
| 999 |
_c121770 _d121770 |
||